| 000 | 00454nam a2200157Ia 4500 | ||
|---|---|---|---|
| 008 | 210716s1983 xx 000 0 und d | ||
| 020 | _a0030507367 | ||
| 041 | _aeng | ||
| 082 | _a658.4 ALBR | ||
| 100 | _aAlbanese, Robert;Van Fleet, David D. | ||
| 245 |
_aOrganizational behavior: a managerial viewpoint. _bManagerial viewpoint. |
||
| 250 | _a1 | ||
| 260 |
_aNew York _bThe dryden press _c1983 |
||
| 300 | _ax,598 | ||
| 650 | _aOrganisational Behavior | ||
| 999 |
_c202973 _d202973 |
||